| 000 | 006460000a22001930004500 | ||
|---|---|---|---|
| 090 |
_aAR _b02364 |
||
| 245 | 1 | 0 | _aMigration and wintering of western sandpipers on the Pacific coast of Colombia |
| 650 | 1 | 4 |
_aAves _992429 |
| 650 | 1 | 4 |
_aMasa corporal _993414 |
| 650 | 1 | 4 |
_aMigraciones _916308 |
| 650 | 1 | 4 |
_aEstructura de la población _995894 |
| 651 | 4 |
_lBahia de Buenaventura _dValle del Cauca _pColombia _992749 |
|
| 653 |
_gCalidris _eCalidris mauri |
||
| 041 | 0 | _aInglés | |
| 700 | 1 |
_aFranke, Rebeca _995895 |
|
| 100 | 1 |
_aNaranjo Henao, Luis Germán _93891 |
|
| 942 | _cARTICULO | ||
| 773 | 1 |
_tJournal Field Ornithology _3130 _h2 _q194-200 _d1994 _g65 |
|
| 999 |
_c11435 _d11435 |
||